Microrelats per la igualtat
Descripción Física:
136 pàgines ; 12 cm
Idioma:
Catalán
MARC
| LEADER | 00000nam a2200000 a 4500 | ||
|---|---|---|---|
| 001 | 26335 | ||
| 008 | 220726b spa||||| |||| 00| 0 cat d | ||
| 017 | |a DL B 27676-2017 | ||
| 080 | |a Bib-859 | ||
| 245 | 0 | 0 | |a Microrelats per la igualtat |
| 260 | |a Barcelona : |b Diputació de Barcelona, |c novembre de 2017 | ||
| 300 | |a 136 pàgines ; |c 12 cm | ||
| 650 | 0 | |9 54022 |a Microrelats | |
| 650 | 0 | |9 49431 |a Igualtat entre els sexes | |
| 710 | 1 | |a Barcelona (Catalunya : Província). |b Diputació |9 52408 | |
| 942 | |2 udc |c ARXIU |n 1 | ||
| 952 | |0 0 |1 0 |4 0 |6 BIB859 |7 1 |9 63182 |a Arxiu |b Arxiu |d 2022-07-26 |l 0 |o Bib-859 |p 26335 |r 2022-07-26 00:00:00 |w 2022-07-26 |y ARXIU | ||
| 952 | |0 0 |1 0 |2 udc |4 0 |6 PDL |7 1 |9 64211 |a Arxiu |b Arxiu |d 2022-11-16 |l 0 |o PDL |p 26925 |r 2022-11-16 00:00:00 |w 2022-11-16 |y ARXIU | ||
| 999 | |c 82472 |d 82472 | ||